U.S.-China trade : problems and prospects /

Bibliographic Details
Other Authors: Lawson, Eugene K.
Format: Book
Language:English
Published: New York, NY : Praeger, 1988.
Subjects:

MARC

Tag First Indicator Second Indicator Subfields
LEADER 00000cam a2200000 a 4500
001 in00000035057
005 20151007055252.0
008 880202s1988 nyu b 00100 eng
010 |a  88003214  
020 |a 0275924947 (alk. paper) 
035 |a (OCoLC)17546781 
035 |9 AAB7738AM 
040 |a DLC  |c DLC  |d TXA  |d UtOrBLW 
043 |a n-us---  |a a-cc--- 
049 |a TXAM  |c [A11506171] 
050 0 0 |a HF3128  |b .U15 1988 
082 0 |a 382/.0973/051  |2 19 
245 0 0 |a U.S.-China trade :  |b problems and prospects /  |c edited by Eugene K. Lawson. 
264 1 |a New York, NY :  |b Praeger,  |c 1988. 
300 |a xvi, 329 pages ;  |c 25 cm. 
336 |a text  |b txt  |2 rdacontent 
337 |a unmediated  |b n  |2 rdamedia 
338 |a volume  |b nc  |2 rdacarrier 
504 |a Bibliography: pages [303]-316. 
500 |a Includes index. 
651 0 |a United States  |x Commerce  |z China. 
651 0 |a China  |x Commerce  |z United States. 
650 0 |a Investments, American  |z China. 
700 1 |a Lawson, Eugene K. 
740 0 |a US-China trade. 
999 |a MARS 
999 f f |s 4b06518e-ba5f-3b32-b752-ca0130d3ad34  |i 7281f196-8a1c-3341-878e-2ded2c4eb930  |t 0 
952 f f |p ric  |a Texas A&M University  |b Rellis Campus  |c Joint Library Facility  |d Remote Storage  |t 0  |e HF3128 .U15 1988  |h Library of Congress classification  |i unmediated -- volume  |m A14811506171 
998 f f |a HF3128 .U15 1988  |t 0  |l Remote Storage